[Event "Moscow Open C University Men"]
[Site "Moscow RUS"]
[Date "2011.02.03"]
[Round "6.13"]
[White "Borisovsky, Viktor"]
[Black "Aldokhin, Ivan"]
[Result "0-1"]
[BlackTitle "IM"]
[WhiteElo "2118"]
[BlackElo "2391"]
[WhiteFideId "24131768"]
[BlackFideId "24115720"]
[EventDate "2011.01.29"]

1. d4 Nf6 2. c4 e6 3. Nc3 Bb4 4. e3 c5 5. Qc2 O-O 6. Bd3 d5 7. a3 cxd4 8. axb4
dxc3 9. bxc3 dxc4 10. Bxc4 Qc7 11. Bb3 e5 12. Ne2 Nc6 13. O-O Re8 14. b5 Na5 15.
Ng3 Nxb3 16. Qxb3 Be6 17. Qb2 Bc4 18. b6 axb6 19. Rxa8 Rxa8 20. Rd1 h5 21. h4 e4
22. Rd4 Ra2 23. Qb4 Bd3 24. Bb2 Qc5 25. Qb3 Ra8 26. f3 Qe5 27. Kf2 b5 28. c4
bxc4 29. Qxb7 Qa5 30. Bc3 Qa2+ 31. Kg1 Re8 32. Nxe4 Bxe4 33. fxe4 Qe2 34. Qb2
Qxe3+ 35. Kh1 Nxe4 36. Rxc4 Nf2+ 37. Kh2 Ng4+ 38. Rxg4 hxg4 39. Bxg7 g3+ 40. Kh3
Qe6+ 0-1

[Event "Moscow Open C University Men"]
[Site "Moscow RUS"]
[Date "2011.02.03"]
[Round "6.14"]
[White "Gutenev, Alexander"]
[Black "Khmara, Maxim"]
[Result "1-0"]
[WhiteTitle "FM"]
[WhiteElo "2328"]
[BlackElo "2132"]
[WhiteFideId "4195540"]
[BlackFideId "4177681"]
[EventDate "2011.01.29"]

1. e4 e6 2. d4 d5 3. Nd2 Nf6 4. e5 Nfd7 5. Bd3 c5 6. c3 Nc6 7. Ne2 cxd4 8. cxd4
f6 9. exf6 Nxf6 10. Nf3 Bd6 11. O-O Qc7 12. Bg5 O-O 13. Bh4 Nh5 14. Qc2 h6 15.
Bh7+ Kh8 16. Bg6 Rxf3 17. Bxh5 Rf8 18. Bg3 Bd7 19. Rad1 Rac8 20. Nc3 Bxg3 21.
hxg3 Qb6 22. Qd2 Na5 23. b3 Rc7 24. Ne2 Rfc8 25. Bg6 Nc6 26. Bb1 Ne7 27. Rfe1
Kg8 28. Nf4 Rc3 29. Qe2 a5 30. Qg4 Rf8 31. Nd3 Nc6 32. Nc5 Rxc5 33. dxc5 Qxc5
34. Re3 Rf6 35. Qe2 Nd4 36. Qd2 Nc6 37. Rf3 Rxf3 38. gxf3 Qf8 39. f4 Qf6 40. Qe3
d4 41. Qf3 e5 42. Be4 Qd6 43. Qh5 exf4 44. Qd5+ Qxd5 45. Bxd5+ Kf8 46. Bxc6 Bxc6
47. gxf4 a4 48. b4 Ke7 49. Rxd4 Ke6 50. a3 Kf5 51. b5 Be4 52. Rxa4 Kxf4 53. Rd4
Ke5 54. Rd7 g5 55. a4 Ke6 56. Rd8 Bc2 57. a5 Ba4 58. a6 1-0

[Event "Moscow Open C University Men"]
[Site "Moscow RUS"]
[Date "2011.02.03"]
[Round "6.15"]
[White "Dusenov, Ruslan"]
[Black "Shukh, Nikolai"]
[Result "1/2-1/2"]
[BlackTitle "IM"]
[WhiteElo "2285"]
[BlackElo "2442"]
[WhiteFideId "4160770"]
[BlackFideId "24102580"]
[EventDate "2011.01.29"]

1. e4 c5 2. d4 cxd4 3. c3 d3 4. Bxd3 Nc6 5. c4 g6 6. Nf3 Bg7 7. O-O d6 8. h3 Nf6
9. Nc3 O-O 10. Bg5 h6 11. Be3 Nd7 12. Qd2 Kh7 13. Nd5 Nde5 14. Be2 Be6 15. Nd4
Bxd5 16. cxd5 Nxd4 17. Bxd4 Nd7 18. Bxg7 Kxg7 19. Qd4+ Kh7 20. Rfc1 a5 21. Rc3
Rc8 22. Rac1 Rxc3 23. Rxc3 Nc5 24. a3 a4 25. Qb4 Qb8 26. Qb6 Nxe4 27. Rc7 Nc5
28. Rxe7 Kg7 29. Qb4 Qd8 30. Qd4+ Kg8 31. Qe3 Qb6 32. Qd4 Qd8 33. Qe3 Qb6 34.
Qd4 Qd8 35. Qe3 1/2-1/2

[Event "Moscow Open C University Men"]
[Site "Moscow RUS"]
[Date "2011.02.03"]
[Round "6.16"]
[White "Anfinogenov, Artem"]
[Black "Omariev, Maksim"]
[Result "0-1"]
[BlackTitle "FM"]
[WhiteElo "2068"]
[BlackElo "2335"]
[WhiteFideId "4197461"]
[BlackFideId "4193423"]
[EventDate "2011.01.29"]

1. d4 d5 2. c4 c6 3. Nc3 Nf6 4. Nf3 e6 5. cxd5 exd5 6. Bg5 Be7 7. e3 h6 8. Bh4
Bf5 9. Bd3 Bxd3 10. Qxd3 Nbd7 11. O-O O-O 12. Ne5 Nxe5 13. dxe5 Nd7 14. Bg3 b5
15. Ne2 Rc8 16. Nd4 Nc5 17. Qc2 Qd7 18. f4 Ne4 19. f5 c5 20. e6 cxd4 21. Qxe4
dxe4 22. exd7 Rcd8 23. exd4 Rxd7 24. Rfe1 Rxd4 25. Bf2 Rd2 26. Bxa7 Ra8 27. Bf2
Bf6 28. Rxe4 Bxb2 29. Be3 Re2 30. Kf1 Rxe3 31. Rxe3 Bxa1 0-1

[Event "Moscow Open C University Men"]
[Site "Moscow RUS"]
[Date "2011.02.03"]
[Round "6.17"]
[White "Dzhumaev, Almir"]
[Black "Rakhimgaliyev, Yerlan"]
[Result "0-1"]
[BlackTitle "FM"]
[WhiteElo "2226"]
[BlackElo "2320"]
[WhiteFideId "24169544"]
[BlackFideId "13705148"]
[EventDate "2011.01.29"]

1. e4 e5 2. Nf3 Nc6 3. Bb5 a6 4. Ba4 Nf6 5. O-O b5 6. Bb3 Bc5 7. c3 d6 8. a4 Rb8
9. d4 Bb6 10. Na3 O-O 11. axb5 axb5 12. Nxb5 exd4 13. cxd4 Bg4 14. Ba4 d5 15. e5
Ne4 16. Be3 Na5 17. Na3 c5 18. Qd3 Bxf3 19. gxf3 cxd4 20. Bf4 Nc5 21. Qd1 Nc4
22. Ra2 Bc7 23. b3 Bxe5 24. Bg3 Nxa4 25. bxa4 Qf6 26. Nb5 h5 27. f4 Bxf4 28.
Qxh5 Bxg3 29. hxg3 Rfe8 30. Qxd5 Ne5 31. Rd1 Rbd8 32. Qb3 d3 33. Nc7 Nf3+ 34.
Kf1 Qh6 35. Kg2 Qc6 36. Qb5 Ne1+ 0-1

[Event "Moscow Open C University Men"]
[Site "Moscow RUS"]
[Date "2011.02.03"]
[Round "6.18"]
[White "Oganisjn, Roman"]
[Black "Piskun, Alexey"]
[Result "0-1"]
[WhiteElo "2293"]
[BlackElo "2213"]
[WhiteFideId "4153006"]
[BlackFideId "24105511"]
[EventDate "2011.01.29"]

1. e4 c5 2. Nf3 Nc6 3. b3 d6 4. Bb2 e5 5. g3 Bg4 6. h3 Bh5 7. Bg2 Nf6 8. d3 Be7
9. Nbd2 Nd7 10. Nf1 Nf8 11. Ne3 Ne6 12. h4 f6 13. c3 b5 14. Bh3 Nc7 15. Nf5 Ne6
16. O-O d5 17. Qe2 d4 18. c4 bxc4 19. bxc4 Bf7 20. Nh2 h5 21. Nxe7 Qxe7 22. f4
Qd6 23. Bc1 Ke7 24. fxe5 Nxe5 25. Bf4 g5 26. hxg5 fxg5 27. Bd2 g4 28. Bg2 h4 29.
Bf4 Nxf4 30. gxf4 g3 31. fxe5 gxh2+ 32. Kh1 Qxe5 33. Rf5 Qg3 34. Raf1 0-1

[Event "Moscow Open C University Men"]
[Site "Moscow RUS"]
[Date "2011.02.03"]
[Round "6.19"]
[White "Dimukhametov, Artur"]
[Black "Grinenko, Viktor"]
[Result "1-0"]
[WhiteTitle "FM"]
[WhiteElo "2354"]
[BlackElo "1981"]
[WhiteFideId "4195680"]
[BlackFideId "4110609"]
[EventDate "2011.01.29"]

1. d4 Nf6 2. c4 e6 3. Nc3 Bb4 4. Qc2 c5 5. dxc5 Nc6 6. Nf3 O-O 7. Bd2 Bxc5 8.
Bg5 Nd4 9. Nxd4 Bxd4 10. e3 Qa5 11. exd4 Qxg5 12. Bd3 Qf4 13. Qd2 Qxd2+ 14. Kxd2
d5 15. cxd5 Rd8 16. Bc4 b5 17. Nxb5 Rb8 18. b3 exd5 19. Bd3 Ne4+ 20. Ke3 Ba6 21.
Bxe4 Bxb5 22. Bd3 Bxd3 23. Kxd3 f6 24. Rhc1 Rd7 25. Rc5 Kf7 26. Rac1 Rbb7 27.
Re1 Kg6 28. Re3 Kf5 29. Kc3 Rb6 30. a4 Kg6 31. b4 h5 32. a5 Rbd6 33. b5 Rf7 34.
Kb4 Kf5 35. Rc6 Rdd7 36. Kc5 g5 37. b6 g4 38. Rd6 1-0

[Event "Moscow Open C University Men"]
[Site "Moscow RUS"]
[Date "2011.02.03"]
[Round "6.20"]
[White "Turutin, Alexander"]
[Black "Myshkin, Nikita"]
[Result "1-0"]
[WhiteTitle "FM"]
[WhiteElo "2408"]
[BlackElo "2174"]
[WhiteFideId "4180623"]
[BlackFideId "4124561"]
[EventDate "2011.01.29"]

1. e4 c5 2. Nf3 d6 3. d4 cxd4 4. Nxd4 Nf6 5. Nc3 Nc6 6. Bg5 e6 7. Qd2 a6 8.
O-O-O Bd7 9. f3 h6 10. Be3 b5 11. Nxc6 Bxc6 12. Ne2 Be7 13. Nd4 Bb7 14. Kb1 Nd7
15. g4 d5 16. exd5 Bxd5 17. Nf5 Bf6 18. Nd6+ Kf8 19. Bg2 Ne5 20. Bc5 Be7 21. f4
Bxd6 22. Bxd5 exd5 23. Qxd5 Nxg4 24. Bxd6+ Kg8 25. Rhg1 h5 26. h3 Nf6 27. Qg2 1-0

[Event "Moscow Open C University Men"]
[Site "Moscow RUS"]
[Date "2011.02.03"]
[Round "6.21"]
[White "Gureev, Dmitry"]
[Black "Tilicheev, Viacheslav"]
[Result "0-1"]
[BlackTitle "FM"]
[WhiteElo "2038"]
[BlackElo "2338"]
[WhiteFideId "24144428"]
[BlackFideId "24114928"]
[EventDate "2011.01.29"]

1. d4 Nf6 2. c4 e6 3. Nc3 Bb4 4. e3 d5 5. a3 Be7 6. Nf3 b6 7. Bd3 dxc4 8. Bxc4
Bb7 9. O-O O-O 10. Qe2 Ne4 11. Bd3 Nxc3 12. bxc3 c5 13. e4 Nc6 14. Be3 Na5 15.
Rfd1 Qc7 16. e5 c4 17. Bb1 Bd5 18. Ng5 Bxg5 19. Bxg5 f5 20. exf6 gxf6 21. Bh6
Rf7 22. Be4 Qb7 23. Re1 Bxe4 24. Qxe4 Qxe4 25. Rxe4 Re7 26. Rg4+ Kh8 27. Re1
Rae8 28. Rge4 Nb7 29. a4 Nd6 30. R4e2 Kg8 31. Bc1 Kf7 32. Ba3 Rd7 33. Bxd6 Rxd6
34. f4 Rd5 35. Rb1 Ke7 36. Rb4 Rc8 37. Kf2 Kd6 38. Re3 Rh5 39. h3 Rf5 40. Rf3
Rc6 41. Ke3 a5 42. Rb1 b5 43. Rf2 bxa4 44. Ra2 e5 45. fxe5+ fxe5 46. Rxa4 exd4+
47. Kxd4 Rg5 48. Rb2 h5 49. Rf2 Rd5+ 50. Ke4 Re5+ 51. Kf4 Rcc5 52. g4 Kc6 53.
Rg2 h4 54. Rd2 Re1 55. Rg2 Rf1+ 56. Ke4 Kd6 57. Raa2 Re5+ 58. Kd4 Rf4# 0-1

[Event "Moscow Open C University Men"]
[Site "Moscow RUS"]
[Date "2011.02.03"]
[Round "6.22"]
[White "Rozhkov, Vecheslav"]
[Black "Guseinov, Djelal"]
[Result "1-0"]
[WhiteElo "2268"]
[BlackElo "1997"]
[WhiteFideId "4181484"]
[BlackFideId "4106571"]
[EventDate "2011.01.29"]

1. e4 e6 2. d4 d5 3. e5 c5 4. c3 Nc6 5. Nf3 Bd7 6. a3 c4 7. Nbd2 Na5 8. Be2 Bc6
9. O-O Qd7 10. b3 cxb3 11. c4 Ba4 12. Bb2 Ne7 13. Bd3 Rc8 14. Rc1 b5 15. c5 Nc4
16. Rb1 Nc6 17. Nxb3 N6a5 18. Bc2 Nxb3 19. Bxb3 Bxb3 20. Qxb3 Rb8 21. Bc3 Be7
22. Nd2 O-O 23. f4 g6 24. Nf3 Rb7 25. Be1 Rfb8 26. Qd3 a5 27. g4 b4 28. axb4
axb4 29. f5 exf5 30. c6 Qxc6 31. gxf5 gxf5 32. Nh4 Kh8 33. Nxf5 Rg8+ 34. Kh1 Qg6
35. Qf3 Ne3 36. Nxe3 Qxb1 37. Nxd5 Qg6 38. Nxe7 Rxe7 39. Bh4 Re6 40. d5 Rb6 41.
d6 h6 42. d7 Rbb8 43. Bf6+ Kh7 44. e6 fxe6 45. d8=Q Rbxd8 46. Bxd8 Rg7 47. Bb6
e5 48. Be3 e4 49. Qh3 b3 50. Bd4 Rf7 51. Rg1 Qd6 52. Qg4 1-0

[Event "Moscow Open C University Men"]
[Site "Moscow RUS"]
[Date "2011.02.03"]
[Round "6.23"]
[White "Barsamian, Eduard"]
[Black "Protasov, Alexey"]
[Result "1-0"]
[WhiteElo "2213"]
[BlackElo "1914"]
[WhiteFideId "24102016"]
[BlackFideId "24114561"]
[EventDate "2011.01.29"]

1. d4 Nf6 2. c4 g6 3. Nc3 d5 4. cxd5 Nxd5 5. e4 Nxc3 6. bxc3 c5 7. Nf3 Bg7 8.
Rb1 O-O 9. Be2 Nc6 10. d5 Bxc3+ 11. Bd2 Bxd2+ 12. Qxd2 Nd4 13. Nxd4 cxd4 14.
Qxd4 Qa5+ 15. Qd2 Qxd2+ 16. Kxd2 f5 17. e5 Rd8 18. Ke3 Kf8 19. Bf3 b6 20. e6 Bb7
21. Kd4 Rd6 22. Ke5 Rad8 23. Rhd1 Bc8 24. Rbc1 a5 25. Rc6 Rxc6 26. dxc6 Rxd1 27.
Bxd1 b5 28. Be2 b4 29. Bb5 Kg7 30. c7 Bb7 31. Bd7 h6 32. f4 Kh7 33. Kd4 1-0

[Event "Moscow Open C University Men"]
[Site "Moscow RUS"]
[Date "2011.02.03"]
[Round "6.24"]
[White "Kretov, Evgueij"]
[Black "Partskhaladze, David"]
[Result "1-0"]
[WhiteElo "2210"]
[BlackElo "1755"]
[WhiteFideId "4167821"]
[BlackFideId "24133787"]
[EventDate "2011.01.29"]

1. d4 d5 2. c4 c6 3. Nc3 Nf6 4. e3 e6 5. Nf3 Nbd7 6. Bd3 dxc4 7. Bxc4 b5 8. Be2
Be7 9. e4 b4 10. e5 bxc3 11. exf6 Bxf6 12. bxc3 O-O 13. O-O Qc7 14. Ba3 Rd8 15.
Qa4 c5 16. Rfc1 Nb6 17. Qa5 c4 18. Bc5 Bb7 19. Nd2 Bg5 20. Bxb6 1-0

[Event "Moscow Open C University Men"]
[Site "Moscow RUS"]
[Date "2011.02.03"]
[Round "6.25"]
[White "Koltunovsky, Evgeny"]
[Black "Zimin, Alexey"]
[Result "0-1"]
[WhiteElo "1806"]
[BlackElo "2208"]
[WhiteFideId "24101257"]
[BlackFideId "4168925"]
[EventDate "2011.01.29"]

1. d4 d5 2. c4 e6 3. cxd5 exd5 4. Nc3 c5 5. dxc5 d4 6. Ne4 Nc6 7. Nf3 Bf5 8. Ng3
Bg4 9. Qa4 Bxc5 10. Bd2 Nf6 11. Rc1 Qd6 12. Qb5 Bb6 13. h3 Bxf3 14. gxf3 g6 15.
Bg2 O-O 16. O-O d3 17. e3 Rad8 18. Qg5 Nd5 19. e4 Nde7 20. Bf4 f6 21. Qh6 Ne5
22. Bxe5 fxe5 23. h4 Nc6 0-1

[Event "Moscow Open C University Men"]
[Site "Moscow RUS"]
[Date "2011.02.03"]
[Round "6.26"]
[White "Shefer, Alexander"]
[Black "Kuzin, Sergey"]
[Result "1/2-1/2"]
[WhiteElo "2202"]
[BlackElo "2028"]
[WhiteFideId "4198581"]
[BlackFideId "24124796"]
[EventDate "2011.01.29"]

1. d4 d5 2. c4 e6 3. Nf3 Nf6 4. g3 Nc6 5. Bg2 Bb4+ 6. Bd2 Be7 7. O-O O-O 8. cxd5
exd5 9. Nc3 h6 10. Qc2 Nb4 11. Qb3 c6 12. a3 Na6 13. Qc2 Be6 14. b4 Nc7 15. Na4
Qc8 16. Rfc1 Ne4 17. Nc5 Bf5 18. Qb2 Re8 19. Bf4 Ne6 20. Nxe6 Qxe6 21. Nd2 g5
22. Nxe4 gxf4 23. Nc5 Bxc5 24. bxc5 Qxe2 25. Qxb7 Rab8 26. Qxc6 Rb2 27. Rf1 Bg4
28. Qxh6 fxg3 29. Qg5+ Kf8 30. hxg3 Bf3 31. Qh6+ Kg8 32. Qg5+ Kf8 33. Bxf3 Qxf3
34. Qh6+ Kg8 35. Qg5+ Kf8 36. Qh6+ Kg8 37. Qg5+ Kf8 1/2-1/2

[Event "Moscow Open C University Men"]
[Site "Moscow RUS"]
[Date "2011.02.03"]
[Round "6.27"]
[White "Kvasov, Sergey"]
[Black "Tiukaev, Ilgiz"]
[Result "0-1"]
[WhiteElo "1961"]
[BlackElo "2117"]
[WhiteFideId "24145939"]
[BlackFideId "14201305"]
[EventDate "2011.01.29"]

1. e4 e5 2. Bc4 Nf6 3. d3 c6 4. Ne2 d5 5. exd5 cxd5 6. Bb3 Nc6 7. O-O h6 8. d4
e4 9. f3 exf3 10. Rxf3 Bg4 11. Re3+ Be7 12. h3 Bh5 13. g4 Bg6 14. Nf4 Be4 15.
Nc3 Qd6 16. Nxe4 dxe4 17. Ne2 Ne5 18. Ng3 Nf3+ 19. Rxf3 exf3 20. Nf5 Qc7 21.
Nxg7+ Kf8 22. Nf5 h5 23. g5 Ne4 24. h4 f2+ 25. Kg2 Qd7 26. Qf3 f1=Q+ 27. Kxf1
Qxf5 28. Kg2 Qg4+ 29. Qxg4 hxg4 30. Be3 Rxh4 31. Rf1 Nxg5 32. Bxg5 Bxg5 33.
Rxf7+ Ke8 34. Rg7 Be7 35. Kg3 Rh3+ 36. Kxg4 Rh4+ 37. Kf5 Rxd4 38. Bf7+ Kd7 39.
Ke5 Rd6 40. Bb3 Rh8 41. Rg4 Rh5+ 42. Ke4 Rh4 43. Rxh4 Bxh4 44. Bd5 Rb6 0-1

[Event "Moscow Open C University Men"]
[Site "Moscow RUS"]
[Date "2011.02.03"]
[Round "6.28"]
[White "Kartsev, Sergei"]
[Black "Shikin, Sergey"]
[Result "1-0"]
[WhiteElo "2112"]
[BlackElo "1797"]
[WhiteFideId "24103853"]
[BlackFideId "4140060"]
[EventDate "2011.01.29"]

1. e4 c5 2. Nf3 Nc6 3. d4 cxd4 4. Nxd4 Nf6 5. Nc3 e5 6. Ndb5 d6 7. Bg5 a6 8. Na3
b5 9. Nd5 Be7 10. Bxf6 Bxf6 11. c3 Bg5 12. Nc2 Be6 13. a4 Bxd5 14. exd5 Na7 15.
axb5 axb5 16. Nb4 O-O 17. Be2 Qb6 18. O-O Rfb8 19. Ra6 Qc7 20. Qb3 Rb6 21. Rfa1
Rxa6 22. Rxa6 Rb8 23. Nc6 Nxc6 24. dxc6 Bd8 25. Bxb5 Rb6 26. Ra3 Qb8 27. c4 d5
28. Qf3 e4 29. Qf5 Rxc6 30. Qd7 Re6 31. cxd5 Re7 32. Qc6 e3 33. fxe3 Qe5 34. Qc8
Qxd5 35. Rd3 1-0

[Event "Moscow Open C University Men"]
[Site "Moscow RUS"]
[Date "2011.02.03"]
[Round "6.29"]
[White "Edzhibia, David"]
[Black "Babkin, Ivan"]
[Result "1-0"]
[WhiteElo "2054"]
[BlackElo "1953"]
[WhiteFideId "24109851"]
[BlackFideId "24142433"]
[EventDate "2011.01.29"]

1. e4 c6 2. d4 d5 3. Nc3 dxe4 4. Nxe4 Bf5 5. Ng3 Bg6 6. h4 h6 7. Nf3 Nd7 8. h5
Bh7 9. Bd3 Bxd3 10. Qxd3 Ngf6 11. Bd2 e6 12. O-O-O Qc7 13. Kb1 O-O-O 14. c4 Kb8
15. Bc3 Bd6 16. Ne4 Nxe4 17. Qxe4 Nf6 18. Qe2 Qe7 19. Ne5 Bxe5 20. dxe5 Nd7 21.
Rd6 Nb6 22. Rhd1 c5 23. Qd2 Kc8 24. Qe3 Nd7 25. Ba5 b6 26. Qe4 Nb8 27. Bc3 Qg5
28. Qa8 Rxd6 29. exd6 a6 30. d7+ Kc7 31. d8=Q+ Rxd8 32. Rxd8 Qf5+ 33. Ka1 Kxd8
34. Qxb8+ Ke7 35. Qc7+ Ke8 36. Qxb6 Qxf2 37. Qc6+ Ke7 38. b3 Qc2 39. Qxc5+ Ke8
40. Qc8+ Ke7 41. Bb4+ Kf6 42. Qd8+ Kf5 43. Qd2 Qe4 44. Bc3 e5 45. Qd5 Qe3 46.
Qf3+ Qxf3 47. gxf3 Kf4 48. c5 e4 49. fxe4 Kxe4 50. c6 1-0

[Event "Moscow Open C University Men"]
[Site "Moscow RUS"]
[Date "2011.02.03"]
[Round "6.30"]
[White "Vorobjev, Dmitry"]
[Black "Cherny, Oleg"]
[Result "1-0"]
[WhiteElo "2154"]
[BlackElo "2046"]
[WhiteFideId "24112178"]
[BlackFideId "24115886"]
[EventDate "2011.01.29"]

1. e4 Nf6 2. e5 Nd5 3. d4 d6 4. Nf3 Bg4 5. h3 Bh5 6. Be2 e6 7. O-O Be7 8. c4 Nb6
9. Nc3 O-O 10. exd6 cxd6 11. Re1 Nc6 12. d5 Bxf3 13. Bxf3 Ne5 14. dxe6 fxe6 15.
Bxb7 Rb8 16. Be4 Nbxc4 17. f4 Ng6 18. Bxg6 hxg6 19. Rxe6 Nxb2 20. Qd5 Kh7 21.
Rb1 Rf5 22. Qf3 Rb6 23. Kh1 Qc7 24. Rxb2 Rxb2 25. Bxb2 Bg5 26. g3 Qc4 27. Qe2
Qd4 28. Re4 Qb6 29. fxg5 Rf2 30. Rh4+ Kg8 31. Qe6+ Rf7 32. Rf4 Qb7+ 33. Nd5 1-0

[Event "Moscow Open C University Men"]
[Site "Moscow RUS"]
[Date "2011.02.03"]
[Round "6.31"]
[White "Kyupriyski, Borislav"]
[Black "Shvydkin, Pavel"]
[Result "0-1"]
[WhiteElo "1922"]
[BlackElo "2064"]
[WhiteFideId "2910993"]
[BlackFideId "24148849"]
[EventDate "2011.01.29"]

1. e4 c5 2. Nf3 Nc6 3. d4 cxd4 4. Nxd4 Nf6 5. Nc3 e5 6. Ndb5 d6 7. Bg5 a6 8. Na3
b5 9. Nd5 Be7 10. Nxe7 Nxe7 11. Bxf6 gxf6 12. c4 Bb7 13. cxb5 Bxe4 14. Qa4 f5
15. bxa6+ Kf8 16. Rc1 Nd5 17. Qd1 Rg8 18. Rc6 Rg6 19. Nc4 Ne3 20. Nxe3 Bxc6 21.
Nd5 Qa5+ 22. Nc3 d5 23. Qd2 d4 24. Ne4 Qxd2+ 25. Nxd2 Bxg2 26. Bxg2 Rxg2 27. a3
Rxa6 28. Kf1 Rg8 29. Ke2 Ke7 30. f3 Ke6 31. Nb3 Kd5 32. Nd2 Rg2+ 33. Kd3 Re6 34.
Kc2 e4 35. fxe4+ fxe4 36. Kd1 e3 37. Nf3 Rxb2 0-1

[Event "Moscow Open C University Men"]
[Site "Moscow RUS"]
[Date "2011.02.04"]
[Round "7.1"]
[White "Seliverstov, Vladimir"]
[Black "Popov, Ivan RUS"]
[Result "0-1"]
[WhiteTitle "FM"]
[BlackTitle "GM"]
[WhiteElo "2304"]
[BlackElo "2609"]
[WhiteFideId "4192036"]
[BlackFideId "4170350"]
[EventDate "2011.01.29"]

1. d4 Nf6 2. c4 e6 3. g3 d5 4. Bg2 Bb4+ 5. Nd2 Nc6 6. e3 e5 7. cxd5 Nxd5 8. e4
Nxd4 9. exd5 Bf5 10. a3 h5 11. axb4 Bc2 12. Qe2 Nxe2 13. Nxe2 Qd6 14. b5 Bd3 15.
Nc3 h4 16. Nde4 Qg6 17. Nc5 hxg3 18. hxg3 Rxh1+ 19. Bxh1 Qh5 20. Bg2 Qh2 21.
Nxd3 Qxg2 22. Ra4 O-O-O 23. Be3 Rxd5 24. Nxd5 Qxd5 25. Kd2 b6 26. Kc3 Kb7 27.
Rg4 Qxb5 28. Rxg7 Qc6+ 29. Kb3 a5 30. Nc1 f5 31. Rg5 b5 32. Ka2 a4 33. Ka1 Qc2
34. Na2 b4 0-1

[Event "Moscow Open C University Men"]
[Site "Moscow RUS"]
[Date "2011.02.04"]
[Round "7.2"]
[White "Kharitonov, Alexandr"]
[Black "Ovetchkin, Roman"]
[Result "1/2-1/2"]
[WhiteTitle "GM"]
[BlackTitle "GM"]
[WhiteElo "2552"]
[BlackElo "2498"]
[WhiteFideId "4135202"]
[BlackFideId "4119991"]
[EventDate "2011.01.29"]

1. d4 Nf6 2. c4 e6 3. Nc3 Bb4 4. e3 O-O 5. Bd3 d5 6. Ne2 dxc4 7. Bxc4 c5 8. O-O
Nc6 9. a3 Bxc3 10. bxc3 e5 11. a4 cxd4 12. cxd4 exd4 13. Nxd4 Nxd4 14. exd4 Be6
15. Bxe6 fxe6 16. Bf4 Rf7 17. Re1 Nd5 18. Bg3 Qd7 19. Qg4 Rf6 20. Be5 Rf7 21.
Bg3 Rf6 22. Be5 Rf7 23. Bg3 1/2-1/2

[Event "Moscow Open C University Men"]
[Site "Moscow RUS"]
[Date "2011.02.04"]
[Round "7.3"]
[White "Ponkratov, Pavel"]
[Black "Reshetnikov, Alexey"]
[Result "1/2-1/2"]
[WhiteTitle "GM"]
[BlackTitle "IM"]
[WhiteElo "2581"]
[BlackElo "2478"]
[WhiteFideId "4157800"]
[BlackFideId "4162080"]
[EventDate "2011.01.29"]

1. Nf3 c5 2. c4 g6 3. d4 cxd4 4. Nxd4 Nc6 5. e4 Nf6 6. Nc3 d6 7. Nc2 Bg7 8. Be2
O-O 9. O-O Nd7 10. Nd5 Nc5 11. f3 f5 12. exf5 Bxf5 13. Nce3 Nd4 14. Nxf5 Nxf5
15. g3 e6 16. Nf4 Bd4+ 17. Kh1 Qf6 18. Rb1 a5 19. Ng2 e5 20. Bd2 g5 21. Qc1 h6
22. Ne3 Qe6 23. Nxf5 Rxf5 24. Bc3 Raf8 25. Qd2 Bxc3 26. Qxc3 e4 27. Kg1 Qf6 28.
Qxf6 R8xf6 29. fxe4 Nxe4 30. Rxf5 Rxf5 31. Rd1 Rf6 32. Re1 Nc5 33. Bh5 Nd3 34.
Re8+ Rf8 35. Re6 Nxb2 36. Rxh6 Rf5 37. Be2 Na4 38. Rxd6 Nc3 39. Bd3 Rc5 40. Rd8+
Kf7 41. a3 b5 42. cxb5 Nxb5 43. a4 Ke7 44. Rh8 Nc3 45. h4 Rd5 46. Rh7+ Kf6 47.
Bc4 Rd4 48. hxg5+ Kxg5 49. Bf7 Rxa4 1/2-1/2

[Event "Moscow Open C University Men"]
[Site "Moscow RUS"]
[Date "2011.02.04"]
[Round "7.4"]
[White "Potapov, Pavel"]
[Black "Bagrationi, Alexander"]
[Result "1/2-1/2"]
[WhiteTitle "IM"]
[BlackTitle "IM"]
[WhiteElo "2470"]
[BlackElo "2459"]
[WhiteFideId "4169786"]
[BlackFideId "14104954"]
[EventDate "2011.01.29"]

1. e4 e6 2. d4 d5 3. exd5 exd5 4. c4 Bb4+ 5. Nc3 Ne7 6. Bd3 Nbc6 7. Ne2 Bf5 8.
O-O Bxc3 9. bxc3 Bxd3 10. Qxd3 dxc4 11. Qxc4 O-O 12. Ba3 Re8 13. Nf4 Ng6 14.
Nxg6 hxg6 15. Rab1 Na5 16. Qa4 b6 17. Rfe1 Rxe1+ 18. Rxe1 Qd5 19. Bc1 Nc4 20.
Bf4 c6 21. Qa6 Na5 22. Qe2 Nc4 23. Qe7 a5 24. h3 a4 25. Qb7 Rf8 26. Re7 a3 27.
Qa6 b5 28. Bc1 b4 29. cxb4 Qxd4 30. Qxc6 Qd1+ 31. Kh2 Qxc1 32. Re4 Qc2 33. Qxc4
Qxf2 34. b5 g5 35. Rg4 Qf5 36. b6 Qe5+ 37. Rg3 Rb8 38. Qc7 Qxc7 39. bxc7 Rc8 40.
Rc3 Kf8 41. Kg3 Ke7 42. Kg4 Kd6 43. Kxg5 Rxc7 44. Rxa3 Rc2 45. g3 Rf2 46. Ra5
Ke7 47. g4 g6 48. Ra8 Rh2 49. h4 Rg2 50. Ra7+ Ke6 51. Kf4 Rh2 52. Kg3 Rh1 53.
Ra4 Ke5 54. h5 Kf6 55. Ra6+ Kg7 56. hxg6 f6 57. Kg2 Rh4 58. Kf3 Kxg6 59. a4 Rh3+
60. Kf4 Rh1 61. Rd6 Rf1+ 62. Kg3 Rg1+ 63. Kh3 Rh1+ 64. Kg2 Ra1 65. Rd4 Ra3 66.
Kf2 f5 67. Ke2 fxg4 68. Rxg4+ Kf5 1/2-1/2

[Event "Moscow Open C University Men"]
[Site "Moscow RUS"]
[Date "2011.02.04"]
[Round "7.5"]
[White "Papin, Vasily"]
[Black "Krivenko, Sergey"]
[Result "1-0"]
[WhiteTitle "IM"]
[WhiteElo "2568"]
[BlackElo "2326"]
[WhiteFideId "4143183"]
[BlackFideId "24124753"]
[EventDate "2011.01.29"]

1. d4 Nf6 2. c4 g6 3. Nc3 Bg7 4. g3 d5 5. cxd5 Nxd5 6. Bg2 Nb6 7. Nf3 Nc6 8. e3
e5 9. d5 Ne7 10. e4 Bg4 11. h3 Bxf3 12. Qxf3 O-O 13. O-O c6 14. Rd1 cxd5 15.
exd5 Nf5 16. Ne2 Nd6 17. a4 a6 18. Qb3 Nbc4 19. Qa2 Re8 20. b3 Nb6 21. Ba3 Rc8
22. Bb4 Qd7 23. Rab1 Na8 24. Qd2 Rc7 25. Rbc1 Rxc1 26. Rxc1 Bf8 27. Qb2 Nb6 28.
Nc3 Nbc8 29. a5 Bh6 30. Re1 Bg7 31. Na4 Nf5 32. Nc5 Qb5 33. Qa3 Rd8 34. Bf1 Qe8
35. Nxb7 Rxd5 36. Qa4 Rb5 37. Bc5 Qd7 38. Bxb5 1-0